Paroles - Chantez, priez, célébrez le Seigneur - Statistiques

Statistiques générales
  • Ce quiz a été pris 26 fois
  • Le résultat moyen est 151 sur 191
Statistiques - réponses
Paroles % Correct
célébrez
100%
l’
100%
le
100%
Le
100%
Seigneur
100%
a
96%
à
96%
Chantez,
96%
Dieu
96%
Dieu,
96%
priez,
96%
sa
96%
Sa
96%
son
96%
dans
92%
maison
92%
nous
92%
accueille,
83%
accueille
83%
du
83%
Il
79%
la
79%
monde
79%
nom
79%
est
71%
et
71%
ciel
67%
peuple
67%
Terre
67%
terre
67%
homme
63%
amour
58%
fait
58%
image
58%
de
50%
Éternel
50%
en
46%
Façonné
38%
une
33%
les
29%
par
29%
crée
21%
parole
13%
promise
13%
cri
8%
promesse
8%
guida
4%
livre
4%
parlé
4%
prophètes
4%
Acclamez
0%
délivre
0%
ouvrez
0%
perçut
0%
Aucun quiz correspondant
Distribution des résultats
% des personnes avec chaque résultat
Percentile par nombre de réponses
Votre historique - résultats
Vous n’avez pas pris ce quiz